000 01343nam a22003377a 4500
999 _c65809
_d65809
005 20240530110844.0
008 200912s2019 ua a f b 000 0dara d
017 _a2017/22858
_bمصر. دار الكتب
020 _a9789774953408
040 _aEG-CaGPL
_cEG-CaGPL
082 0 4 _221
_a720.288\
_bم م
100 0 _aمحمد معتمد مجاهد
245 1 0 _aموسوعة التقنيات الاثرية :
_bمواد الاثار وخواصها وصناعتها عبر العصور /
_cتاليف محمد معتمد مجاهد
250 _aط.1
260 _aالقاهرة :
_bدار العالم العربى،
_c2019
300 _a719 ص. ؛
_c24 سم.
504 _aيشتمل على ارجاعات ببليوجرافية
650 0 7 _aالمبانى الاثرية
_xصيانة
_2qrmak
650 0 7 _aالتصوير الجدارى
650 0 7 _aالفن المصرى القديم
650 0 7 _aالتحنيط
650 0 7 _aالزجاج
_xصناعة وتجارة
650 0 7 _aاشغال المعادن
650 0 7 _aالفخار
_xصناعة وتجارة
650 0 7 _aالعمارة المصرية القديمة
650 0 7 _aالمبانى الاثرية
_2qrmak
651 _2qrmak
653 _aالزخارف الجصية
942 _2ddc
_cBK